书目信息 |
| 题名: |
高分子物理学
|
|
| 作者: | 斋藤信彦 著 | |
| 分册: | ||
| 出版信息: | 东京 裳华房 昭和53年 |
|
| 页数: | 455页 | |
| 开本: | 20cm | |
| 丛书名: | 山内恭彦·菊池正士·小谷正雄编集 | |
| 单 册: | ||
| 中图分类: | O56 | |
| 科图分类: | ||
| 主题词: | 分子物理学 , 原子物理学 | |
| 电子资源: | ||
| ISBN: | ||
| 000 | 00684nam0 2200241 450 | |
| 001 | 0652857859 | |
| 005 | 20061123145041.17 | |
| 010 | @dCNY214.00 | |
| 100 | @a20061123d km y0chiy0120 ea | |
| 101 | 0 | @achi |
| 200 | 1 | @a高分子物理学@Agao fen zi wu li xue@f(日)斋藤信彦著@F(ri)zhai teng xin yan zhu |
| 205 | @a改订版 | |
| 210 | @a东京@c裳华房@d昭和53年 | |
| 215 | @a455页@d20cm | |
| 225 | 2 | @a山内恭彦·菊池正士·小谷正雄编集 |
| 300 | @a物理学选书2 | |
| 410 | 0 | @12001 @a山内恭彦·菊池正士·小谷正雄编集 |
| 606 | 0 | @a分子物理学 |
| 606 | 0 | @a原子物理学 |
| 690 | @aO56@v3 | |
| 701 | 0 | @a斋藤信彦@Azhai teng xin yan@4著 |
| 801 | 0 | @aCN@bPFT@c20061123 |
| 905 | @a10447@dO56@e1 | |
| 高分子物理学/(日)斋藤信彦著.-改订版.-东京:裳华房,昭和53年 |
| 455页;20cm.-(山内恭彦·菊池正士·小谷正雄编集) |
| 物理学选书2 |
| ISBN :CNY214.00 |
| ● |
| 相关链接 |
|
|
|
|
正题名:高分子物理学
索取号:O56/1
 
预约/预借
| 序号 | 登录号 | 条形码 | 馆藏地/架位号 | 状态 | 备注 |
| 1 | 0152343 | 202121453 | 第二样本阅览室/ [索取号:O56/1] | 在馆 |